Zadul Maad, Vol.- 4 : / زاد المعاد (Record no. 27504)

MARC details
000 -LEADER
fixed length control field 00466nam a22001697a 4500
003 - CONTROL NUMBER IDENTIFIER
control field BDDh-ASL
005 - DATE AND TIME OF LATEST TRANSACTION
control field 20231015030756.0
008 - FIXED-LENGTH DATA ELEMENTS--GENERAL INFORMATION
fixed length control field 211104s1963 p ||||| |||| 00| 0 u d
040 ## - CATALOGING SOURCE
Original cataloging agency BDDh-ASL
Transcribing agency BDDh-ASL
082 ## - DEWEY DECIMAL CLASSIFICATION NUMBER
Classification number 297.3
Item number ZAD
245 00 - TITLE STATEMENT
Title Zadul Maad, Vol.- 4 : / زاد المعاد
260 ## - PUBLICATION, DISTRIBUTION, ETC.
Place of publication, distribution, etc. Karachi :
Name of publisher, distributor, etc. Nafees Academy ,
Date of publication, distribution, etc. 1963.
300 ## - PHYSICAL DESCRIPTION
Extent 508 p. :
Dimensions 25 cm.
650 #0 - SUBJECT ADDED ENTRY--TOPICAL TERM
9 (RLIN) 5549
Topical term or geographic name entry element Sirat
700 1# - ADDED ENTRY--PERSONAL NAME
9 (RLIN) 5090
Personal name Jafari, Rais Ahmad
942 ## - ADDED ENTRY ELEMENTS (KOHA)
Source of classification or shelving scheme Dewey Decimal Classification
Koha item type Books
Holdings
Withdrawn status Lost status Source of classification or shelving scheme Damaged status Not for loan Collection code Home library Current library Shelving location Date acquired Source of acquisition Serial Enumeration / chronology Total Checkouts Full call number Barcode Date last seen Copy number Price effective from Koha item type
    Dewey Decimal Classification     Non-fiction Asiatic Society Library Asiatic Society Library General Stacks 11/04/2021 ASB Library Collection U-0804   297.3 ZAD 113621 11/04/2021 C-1 11/04/2021 Books

Powered by Koha